| 000 | 00365nam a22001577a 4500 | ||
|---|---|---|---|
| 003 | OSt | ||
| 008 | 230222b |||||||| |||| 00| 0 eng d | ||
| 041 | _amal | ||
| 082 |
_a335.422 _bMAR/CO |
||
| 100 |
_aMacx, Carl _95389 |
||
| 245 | _aCommunist manifesto | ||
| 250 | _I6th | ||
| 260 |
_aThiruvananthapuram _CChintha Publishers _c2022 |
||
| 300 | _a128 | ||
| 942 | _cBK | ||
| 999 |
_c17634 _d17634 |
||